Vainqueurs LDC 2000-2025 - Mort Subite - Statistiques

Statistiques générales
  • Ce quiz a été pris 1 103 fois
    549 depuis la dernière actualisation
  • Le résultat moyen est 9 sur 11
Answers on the Grid
Answers color-coded by a green-red scale on the quiz's grid according to % correct below.
Everton
Bayern Munich
FC Barcelone
Tottenham
Inter Milan
SSC Naples
Manchester City
Paris Saint Germain
Manchester United
Arsenal
Chelsea
AC Milan
FC Porto
Borussia Dortmund
Nottingham Forest
Juventus Turin
Real Madrid
Atletico Madrid
PSV Eindhoven
Liverpool FC
Villareal
Bayer Leverkusen
 
Statistiques - réponses
Réponse % Correct
Bayern Munich
95%
FC Barcelone
95%
Paris Saint Germain
92%
Manchester City
91%
Chelsea
83%
Inter Milan
81%
Manchester United
81%
AC Milan
78%
Real Madrid
75%
Liverpool FC
73%
FC Porto
64%
Aucun quiz correspondant
Distribution des résultats
% des personnes avec chaque résultat
Percentile par nombre de réponses
Votre historique - résultats
Vous n’avez pas pris ce quiz depuis la dernière actualisation